Technická psychologie : přel. z ruského orig

Saved in:
Bibliographic Details
Main Authors Bobněvová, M. I. (Author), Bobneva, Margarita Isidorovna (Author)
Format Book
LanguageCzech
Published Praha : Svoboda, 1968
Edition1. vyd.
Subjects
Physical Description139 s.

Cover

LEADER 00000cam a22000007a 4500
001 17155
003 CZ-ZlUTB
005 20190825233534.0
008 950218s1968 xr |||||r|||||||||||cze|d
040 |a ZLD002  |b cze  |c ZLD002  |d ZLD002 
072 7 |a 159.9  |x Psychologie  |2 Konspekt  |9 17 
100 1 |a Bobněvová, M. I.  |4 aut 
245 1 0 |a Technická psychologie :  |b přel. z ruského orig 
250 |a 1. vyd. 
260 |a Praha :  |b Svoboda,  |c 1968 
300 |a 139 s. 
650 0 4 |a Psychologie 
650 0 4 |a technický 
700 1 |a Bobneva, Margarita Isidorovna  |7 mzk2007390632  |4 aut 
910 |a ZLD002 
952 |0 0  |1 0  |4 0  |6 15BOBNEVAMI  |7 0  |8 BOOK  |9 29243  |a UTBZL  |b UTBZL  |c 030  |d 2006-07-29  |i 45342  |l 0  |o 15/BOBNEVA,M.I.  |p 420010002676  |r 2019-08-25 00:00:00  |w 2019-08-25  |x 20100831  |y 05 
992 |a BK  |b SK 
999 |c 17155  |d 17155